Schnelle Mathematik - Multiplikation Level 27 - Statistiken

Allgemein
  • Dieses Quiz wurde 67 mal gespielt
  • Das Durchschnittsergebnis liegt bei 38 aus 40
Antwortstatistiken
Frage Antwort % Korrekt
1⋅1 1
100%
2⋅6 12
100%
5⋅3 15
100%
1⋅6 6
100%
2⋅3 6
100%
0⋅0 0
97%
0⋅2 0
97%
1⋅0 0
97%
3⋅0 0
97%
4⋅0 0
97%
6⋅0 0
97%
5⋅2 10
97%
3⋅4 12
97%
4⋅3 12
97%
4⋅4 16
97%
2⋅1 2
97%
5⋅4 20
97%
6⋅4 24
97%
5⋅5 25
97%
4⋅1 4
97%
0⋅4 0
95%
0⋅6 0
95%
2⋅5 10
95%
6⋅6 36
95%
2⋅2 4
95%
5⋅1 5
95%
3⋅2 6
95%
6⋅1 6
95%
2⋅4 8
95%
5⋅0 0
94%
6⋅3 18
94%
1⋅2 2
94%
3⋅1 3
94%
0⋅1 0
92%
2⋅0 0
92%
6⋅2 12
92%
3⋅5 15
92%
4⋅2 8
92%
0⋅3 0
91%
0⋅5 0
91%
3⋅6 18
91%
4⋅5 20
91%
1⋅3 3
91%
1⋅5 5
91%
6⋅5 30
90%
3⋅3 9
89%
1⋅4 4
86%
5⋅6 30
85%
4⋅6 24
84%
Keine übereinstimmenden Quizze gefunden
Verteilung der Resultate
Anzahl Personen mit jedem Resultat
Perzentil nach korrekt beantworteten Fragen
Ihre Resultats-Entwicklung
Sie haben dieses Quiz noch nicht gespielt